| 000 | 00712cas a22002051 4500 | ||
|---|---|---|---|
| 022 | _a0022-1856 | ||
| 082 | 0 | 4 | _a331.05 |
| 245 | 0 | 4 | _aThe Journal of industrial relations. |
| 260 |
_aSydney _bIndustrial Relations Society of Australia |
||
| 300 |
_avolumes _c25 cm |
||
| 590 | _aSERBIB/SERLOC merged record | ||
| 650 | 0 |
_aIndustrial relations _913763 |
|
| 650 | 0 |
_aIndustrial relations _zAustralia _990974 |
|
| 650 | 6 |
_aRelations industrielles _990975 |
|
| 650 | 6 |
_aRelations industrielles _zAustralie _990976 |
|
| 650 | 7 |
_aIndustrial relations. _913763 |
|
| 710 | 2 |
_aIndustrial Relations Society (Australia), _990977 |
|
| 710 | 2 |
_aAustralian Labour and Employment Relations Association, _990978 |
|
| 942 | _cCR | ||
| 999 |
_c523435 _d523435 |
||